Loading...
| Beliefs | 9 | 10.00 | 1,200% | 200% | 200% |
| Current Events | 2 | 10.00 | 0% | 300% | 300% |
| Fine Arts - Auditory | 2 | 5.00 | 0% | 0% | 300% |
| Fine Arts - Other Arts | 1 | 0.00 | 0% | 0% | 0% |
| Fine Arts - Visual | 5 | 14.00 | 720% | 360% | 360% |
| Geography | 2 | 10.00 | 1,800% | 0% | 300% |
| History - American | 3 | 16.67 | 1,200% | 600% | 200% |
| History - European | 3 | 16.67 | 3,600% | 200% | 200% |
| History - World | 4 | 7.50 | 400% | 300% | 0% |
| Literature - American | 6 | 13.33 | 1,200% | 367% | 200% |
| Literature - British | 3 | 10.00 | 533% | 200% | 200% |
| Literature - European | 4 | 12.50 | 1,300% | 0% | 400% |
| Literature - World | 1 | 10.00 | 0% | 600% | 0% |
| Other Academic | 1 | 20.00 | 0% | 600% | 600% |
| Other Arts: Auditory | 2 | 5.00 | 1,800% | 0% | 0% |
| Other Arts: Visual | 2 | 15.00 | 1,800% | 200% | 200% |
| Other Science: Earth Science | 2 | 20.00 | 3,600% | 600% | 0% |
| Other Science: Math | 2 | 15.00 | 2,600% | 200% | 0% |
| Philosophy | 2 | 10.00 | 0% | 300% | 300% |
| Science - Biology | 3 | 10.00 | 1,200% | 0% | 333% |
| Science - Chemistry | 4 | 15.00 | 1,800% | 450% | 150% |
| Science - Physics | 5 | 12.00 | 1,440% | 240% | 240% |
| Social Science | 2 | 10.00 | 800% | 300% | 0% |
| 12 | 14.17 | 1,500% | 383% | 200% |